000 00594nam a22002177a 4500
999 _c2082
_d2082
003 OSt
005 20191211103142.0
008 150617b xxu||||| |||| 00| 0 eng d
020 _a9789780230258
020 _a9780230254
040 _c04
082 _a657 ADE 1996
100 _aAdewunmi, Wole; Ajayi, Catherine
_95400
245 _aAccounting and Finance for Trade Unions in Nigeria
260 _aLagos:
_bMalthouse Press Limited;
_c1996.
300 _a174 p :
_bill;
_c24 cm.
504 _aIncludes Index
650 _aAccounting
_91379
650 _aFinance
_95401
942 _2z
_cSLOAN